Hạ tầng cơ sở kinh tế [ của Chính phủ Việt Nam Cộng Hòa ]

Guardado en:
Detalles Bibliográficos
Autor principal: Trần Đức Tạo
Formato: Libro
Lenguaje:Undetermined
Publicado: Sài Gòn Học viện Quốc Gia Hành Chánh 1971
Materias:
Etiquetas: Agregar Etiqueta
Sin Etiquetas, Sea el primero en etiquetar este registro!
Thư viện lưu trữ: Trung tâm Học liệu Trường Đại học Cần Thơ
LEADER 00636nam a2200181Ia 4500
001 CTU_26350
008 210402s9999 xx 000 0 und d
082 |a 330 
082 |b T108 
100 |a Trần Đức Tạo 
245 0 |a Hạ tầng cơ sở kinh tế [ của Chính phủ Việt Nam Cộng Hòa ] 
245 0 |c Trần Đức Tạo 
260 |a Sài Gòn 
260 |b Học viện Quốc Gia Hành Chánh 
260 |c 1971 
650 |a economic development,infrastructure ( economics ) 
904 |i Nguyễn Quang Điền, 981013 
980 |a Trung tâm Học liệu Trường Đại học Cần Thơ